000 00598nam a22002177a 4500
003 UA-OsUOA
001 51920
007 ta
008 20080128b un ||||| |||| 00| 0 ukr d
090 _a82.09(477)
_bУ-45
942 _cBK
040 _aUA-OsUOA
_bukr
_cUA-OsUOA
_dUA-OsUOA
245 _aУкраїнські радянські письменники
300 _a351 с.
955 _a1
041 _aukr
080 _a82.09(477)
260 _aК.
_bРадянська школа
_c1984
650 7 _a82 Література. Літературознавство
_2UDC
999 _c338013
_d338013